[Event "CFriend AC-2003-S-00002 email"]
[Site "Chessfriend.com"]
[Date "2004.12.01"]
[Round "1"]
[White "Stummer, Walter"]
[Black "Lichtenberg, Hans Juergen"]
[Result "1-0"]
[WhiteElo "2391"]
[BlackElo "2186"]
[PlyCount "73"]
[EventDate "2004.??.??"]
[EventType "tourn (corr)"]
[EventRounds "6"]
[SourceTitle "Corr 2024"]
[Source "ChessBase"]
[SourceDate "2023.10.19"]
[SourceVersion "1"]
[SourceVersionDate "2023.10.19"]
[SourceQuality "1"]

1. Nf3 Nf6 2. c4 e6 3. Nc3 Bb4 4. Qc2 0-0 5. a3 Bxc3 6. Qxc3 b6 7. e3 Bb7 8. Be2 Ne4 9. Qc2 Ng5 10. b3 d6 11. Bb2 Nd7 12. h4 Ne4 13. h5 h6 14. d3 Nef6 15. e4 c5 16. Qd2 d5 17. e5 Nh7 18. d4 dxc4 19. Bxc4 cxd4 20. Qxd4 Nc5 21. Qe3 Qe7 22. 0-0 Rfd8 23. Rac1 Rac8 24. b4 Na4 25. Ba1 Rxc4 26. Rxc4 Ba6 27. Qb3 Bxc4 28. Qxc4 Qd7 29. Nd4 Ng5 30. Rc1 Ne4 31. g3 Ng5 32. Kg2 Ne4 33. Qc6 Qxc6 34. Rxc6 Nd2 35. Rc7 a5 36. f4 Rd5 37. g4 1-0

[Event "CFriend AC-2003-S-00002 email"]
[Site "Chessfriend.com"]
[Date "2004.12.01"]
[Round "1"]
[White "Weber, Daniel"]
[Black "Lichtenberg, Hans Juergen"]
[Result "1/2-1/2"]
[WhiteElo "2189"]
[BlackElo "2186"]
[PlyCount "56"]
[EventDate "2004.??.??"]
[EventType "tourn (corr)"]
[EventRounds "6"]
[SourceTitle "Corr 2024"]
[Source "ChessBase"]
[SourceDate "2023.10.19"]
[SourceVersion "1"]
[SourceVersionDate "2023.10.19"]
[SourceQuality "1"]

1. e4 e5 2. Nf3 Nf6 3. d4 Nxe4 4. Bd3 d5 5. Nxe5 Nd7 6. Nxd7 Bxd7 7. 0-0 Qh4 8. c4 0-0-0 9. c5 g5 10. Nc3 Bg7 11. g3 Qh6 12. Nxe4 dxe4 13. Bxe4 f5 14. Bg2 f4 15. Qb3 c6 16. d5 Rhf8 17. h4 Qh5 18. Bf3 Qg6 19. hxg5 Be5 20. Bd2 Qxg5 21. Rad1 Bd4 22. Kg2 Rg8 23. Be1 Qf6 24. Qa4 Bxc5 25. dxc6 Bxc6 26. Bxc6 Qxc6+ 27. Qxc6+ bxc6 28. Rc1 Rd5 1/2-1/2

[Event "CFriend AR-2003-Q-00005 email"]
[Site "Chessfriend.com"]
[Date "2003.12.03"]
[Round "1"]
[White "Haeusler, Werner"]
[Black "Lichtenberg, Hans Juergen"]
[Result "1/2-1/2"]
[WhiteElo "2460"]
[BlackElo "2178"]
[PlyCount "40"]
[EventDate "2003.??.??"]
[EventType "tourn (corr)"]
[EventRounds "12"]
[SourceTitle "Corr 2008"]
[Source "ChessBase"]
[SourceDate "2008.06.24"]
[SourceVersion "1"]
[SourceVersionDate "2008.06.24"]
[SourceQuality "1"]

1. d4 Nf6 2. Nf3 g6 3. Nc3 d5 4. Bf4 Bg7 5. e3 0-0 6. Be2 c5 7. Ne5 Nc6 8. 0-0 cxd4 9. exd4 Bf5 10. Nxc6 bxc6 11. Na4 Nd7 12. c3 e5 13. Be3 Re8 14. Re1 Rb8 15. Rc1 a5 16. b3 Qe7 17. Qd2 Qd6 18. Rcd1 h5 19. h3 exd4 20. Bxd4 Bxd4 1/2-1/2

[Event "CFriend AT-2003-0-00010 email"]
[Site "Chessfriend.com"]
[Date "2003.05.13"]
[Round "1"]
[White "Benko, Bostjan"]
[Black "Lichtenberg, Hans Juergen"]
[Result "1/2-1/2"]
[WhiteElo "2329"]
[BlackElo "2134"]
[PlyCount "44"]
[EventDate "2003.??.??"]
[EventType "match (corr)"]
[EventRounds "2"]
[SourceTitle "Corr 2008"]
[Source "ChessBase"]
[SourceDate "2008.06.24"]
[SourceVersion "1"]
[SourceVersionDate "2008.06.24"]
[SourceQuality "1"]

1. e4 Nf6 2. e5 Nd5 3. d4 d6 4. c4 Nb6 5. exd6 exd6 6. Nc3 Be7 7. h3 0-0 8. Bd3 Re8 9. Nge2 c5 10. 0-0 Nc6 11. Be3 cxd4 12. Nxd4 Ne5 13. b3 Nxd3 14. Qxd3 d5 15. Rfd1 dxc4 16. bxc4 Bg5 17. Bxg5 Qxg5 18. Ncb5 Rd8 19. Nf3 Bf5 20. Qxd8+ Qxd8 21. Rxd8+ Rxd8 22. c5 Na4 1/2-1/2